000 00498nam a2200181 a 4500
003 Ost
005 20140311163043.0
008 120906s19uu xx 00 eng d
020 _a9781422157985
050 _aHD 30.28
_b.H395 2011
245 _aOn strategy /
260 _aBoston :
_bHarvard Business School Pub. Corp,
_c2010.
300 _av, 266 p. :
_bill. ;
_c22 cm.
440 _aHBR's 10 must reads
_929114
650 _aStrategic planning.
_9606
942 _cBK
_2lcc
_kFOR
999 _c39777
_d39777